Statistics for Baseball Trivia

Click here to take the quiz!

General Stats

  • This quiz has been taken 300 times
    (295 since last reset)
  • The average score is 11 of 23

Answer Stats

HintAnswer% Correct
Most Home Runs (career)Barry Bonds
99%
Most Home Runs (season)Barry Bonds
99%
League to use the DHAmerican League
78%
Most career stealsRicky Henderson
77%
Oldest StadiumFenway Park
75%
Made famous over-the-shoulder catchWillie Mays
74%
Most no-hittersNolan Ryan
72%
Pine-Tar incident guyGeorge Brett
63%
Most RBIs (career)Hank Aaron
62%
Highest career batting averageTy Cobb
57%
The other one ^Yogi Berra
49%
Most Gold Gloves (position player)Brooks Robinson
44%
Who won the triple crown in 1966?Frank Robinson
43%
Most Gold GlovesGreg Maddux
42%
Lowest ERA (season)Bob Gibson
41%
Most RBIs (season)Hack Wilson
32%
First Japanese-born player to throw a no-hitterHideo Nomo
25%
One of two catchers who won 3 MVPsRoy Campanella
20%
Most Doubles (career)Tris Speaker
19%
1962 NL MVP (had 104 steals that season)Maury Wills
17%
Most Triples (career)Sam Crawford
15%
Guy who hit ^Vic Wertz
5%
Youngest pitcher to start a postseason gameJulio Urias
2%

Score Distribution

Percentile by Number Answered

Percent of People with Each Score

Your Score History

You have not taken this quiz since the last reset